[Event "Titled Tuesday intern op 23rd Apr Early"]
[Site "Chess.com INT"]
[Date "2024.04.23"]
[Round "7"]
[White "Dobrikov, Marco"]
[Black "Zemlyanskii, Ivan"]
[Result "0-1"]
[WhiteElo "2364"]
[BlackElo "2530"]
[PlyCount "108"]
[EventDate "2024.04.23"]
[EventType "swiss (blitz)"]
[EventRounds "11"]
[EventCountry "USA"]
[SourceTitle "EXT 2025"]
[Source "ChessBase"]
[SourceDate "2024.10.14"]
[SourceVersion "1"]
[SourceVersionDate "2024.10.14"]
[SourceQuality "1"]

1. e4 c5 2. Nf3 e6 3. d4 cxd4 4. Nxd4 Nf6 5. Nc3 Nc6 6. Be3 Bb4 7. Bd3 d5 8. Nxc6 bxc6 9. e5 d4 10. exf6 dxe3 11. fxg7 exf2+ 12. Kxf2 Qd4+ 13. Kf1 Qxg7 14. Ne4 0-0 15. Qh5 Be7 16. Ke2 f5 17. Nf2 e5 18. Bc4+ Kh8 19. c3 Rb8 20. b3 e4 21. Rac1 Bd7 22. g3 Bg5 23. Rc2 Be8 24. Qh3 Bg6 25. Rd1 Rbd8 26. Rxd8 Rxd8 27. Be6 Qe5 28. Bc4 f4 29. gxf4 Qxf4 30. Qg3 Qf3+ 31. Ke1 Qxg3 32. hxg3 e3 33. Re2 exf2+ 34. Kxf2 Rd2 35. Kf3 Kg7 36. g4 Rxe2 37. Kxe2 Kf6 38. Kd1 Ke5 39. Be2 Be4 40. b4 Be3 41. a4 Kf4 42. c4 Bf3 43. Bxf3 Kxf3 44. Kc2 Kxg4 45. Kd3 Bg1 46. Ke4 h5 47. Ke5 h4 48. Kd6 h3 49. Kxc6 h2 50. Kb5 h1Q 51. c5 Qb7+ 52. Ka5 Qc6 53. b5 Qxc5 54. Ka6 Qb6# 0-1

[Event "Titled Tuesday intern op 23rd Apr Early"]
[Site "Chess.com INT"]
[Date "2024.04.23"]
[Round "9"]
[White "Garrido, Denis"]
[Black "Dobrikov, Marco"]
[Result "0-1"]
[WhiteElo "2230"]
[BlackElo "2364"]
[PlyCount "152"]
[EventDate "2024.04.23"]
[EventType "swiss (blitz)"]
[EventRounds "11"]
[EventCountry "USA"]
[SourceTitle "EXT 2025"]
[Source "ChessBase"]
[SourceDate "2024.10.14"]
[SourceVersion "1"]
[SourceVersionDate "2024.10.14"]
[SourceQuality "1"]

1. e4 a6 2. d4 b5 3. Nf3 g6 4. a4 b4 5. Bc4 Bg7 6. 0-0 Bb7 7. Qe2 e6 8. d5 Ne7 9. Rd1 e5 10. d6 cxd6 11. Rxd6 Qc7 12. Rd1 0-0 13. Bg5 d6 14. Nbd2 Nbc6 15. c3 bxc3 16. bxc3 h6 17. Bxe7 Nxe7 18. Rab1 d5 19. exd5 Bxd5 20. Bxa6 Qxc3 21. Bb5 Nf5 22. Ne4 Bxe4 23. Qxe4 Nd4 24. Nxe5 Bxe5 25. Rbc1 Nxb5 26. axb5 Qb2 27. Rc2 Qxb5 28. Rcd2 Bf6 29. Rd6 Rae8 30. Qf3 Be5 31. R6d5 Qb8 32. h4 h5 33. Rd7 Rd8 34. g3 Rxd7 35. Rxd7 Kg7 36. Qe3 Bf6 37. Rd1 Qe5 38. Qb3 Rd8 39. Rb1 Qf5 40. Rd1 Bd4 41. Rd2 Bf6 42. Re2 Rd4 43. Qe3 Rd1+ 44. Kg2 Rd6 45. Kh2 Re6 46. Qd2 Rxe2 47. Qxe2 Bd4 48. Kg2 Qe5 49. Qd3 Qd5+ 50. Kf1 Kf6 51. Qd2 Ke6 52. Qe2+ Be5 53. Qc2 Kd6 54. Qa4 Kc5 55. Qa5+ Kd4 56. Qd2+ Kc4 57. Qc2+ Bc3 58. Qa4+ Kc5 59. Qa3+ Bb4 60. Qe3+ Qd4 61. Qe7+ Kb5 62. Qe8+ Kc5 63. Qf8+ Kc6 64. Qxf7 Qd1+ 65. Kg2 Qd5+ 66. Qxd5+ Kxd5 67. g4 hxg4 68. Kg3 Ke5 69. Kxg4 Bd2 70. f3 Bf4 71. h5 g5 72. h6 Kf6 73. Kh5 Kf7 74. Kg4 Kg6 75. Kh3 Kxh6 76. Kg2 Kh5 0-1

[Event "Titled Tuesday intern op 23rd Apr Early"]
[Site "Chess.com INT"]
[Date "2024.04.23"]
[Round "3"]
[White "Shakirov, Marat"]
[Black "Dobrikov, Marco"]
[Result "0-1"]
[WhiteElo "2166"]
[BlackElo "2364"]
[PlyCount "112"]
[EventDate "2024.04.23"]
[EventType "swiss (blitz)"]
[EventRounds "11"]
[EventCountry "USA"]
[SourceTitle "EXT 2025"]
[Source "ChessBase"]
[SourceDate "2024.10.14"]
[SourceVersion "1"]
[SourceVersionDate "2024.10.14"]
[SourceQuality "1"]

1. d4 g6 2. Nf3 Bg7 3. g3 Nf6 4. Bg2 0-0 5. 0-0 d5 6. c4 dxc4 7. Na3 c6 8. Nxc4 Bg4 9. Nce5 Be6 10. Ng5 Bc8 11. b3 Nbd7 12. Nc4 Nd5 13. Bb2 N7b6 14. e4 Nxc4 15. bxc4 Nb6 16. c5 Nc4 17. Bc3 b5 18. Nf3 a5 19. a3 Bg4 20. h3 Be6 21. Qe2 Qc7 22. Rfd1 Rfd8 23. Ng5 Bc8 24. Qf3 f6 25. d5 fxg5 26. Bxg7 Kxg7 27. dxc6 Be6 28. a4 b4 29. Qe2 Qxc6 30. e5 Qxc5 31. Bxa8 Rxa8 32. Rac1 Rc8 33. Qd3 Qxe5 34. Re1 Qf6 35. Qe4 Nd6 36. Qe3 Rxc1 37. Rxc1 b3 38. Rb1 b2 39. Qc5 Nc4 40. Qc6 Nd2 41. Rxb2 Qxb2 42. Qxe6 Qf6 43. Qe2 Nf3+ 44. Kg2 Nd4 45. Qc4 Qe5 46. Qc6 h5 47. Qb6 g4 48. hxg4 hxg4 49. Qb7 Kf7 50. Kh2 Nf3+ 51. Kg2 Qh5 52. Qb3+ Kg7 53. Qc3+ Kh7 54. Kf1 Qd5 55. Qc7 Qd1+ 56. Kg2 Qg1# 0-1

[Event "Titled Tuesday intern op 23rd Apr Early"]
[Site "Chess.com INT"]
[Date "2024.04.23"]
[Round "11"]
[White "Tokman, Ariel"]
[Black "Dobrikov, Marco"]
[Result "1-0"]
[WhiteElo "2399"]
[BlackElo "2364"]
[PlyCount "67"]
[EventDate "2024.04.23"]
[EventType "swiss (blitz)"]
[EventRounds "11"]
[EventCountry "USA"]
[SourceTitle "EXT 2025"]
[Source "ChessBase"]
[SourceDate "2024.10.14"]
[SourceVersion "1"]
[SourceVersionDate "2024.10.14"]
[SourceQuality "1"]

1. c4 g6 2. g3 Bg7 3. Bg2 Nf6 4. Nc3 0-0 5. d3 c6 6. Nf3 d5 7. 0-0 Bg4 8. cxd5 Nxd5 9. Bd2 Nxc3 10. Bxc3 Bxc3 11. bxc3 Bxf3 12. Bxf3 Qa5 13. Qb3 b6 14. Qb4 Qxb4 15. cxb4 Na6 16. a3 Rac8 17. Rfc1 Nb8 18. Rc4 Rfd8 19. Rac1 Rd6 20. d4 b5 21. Rc5 e6 22. Rxb5 Rxd4 23. Rb7 a6 24. a4 a5 25. b5 c5 26. b6 Rxa4 27. Rc7 Rd8 28. b7 Kf8 29. R1xc5 Rb4 30. Rc8 Ke7 31. Rxd8 Kxd8 32. Rc8+ Ke7 33. Rxb8 Rxb7 34. Rxb7+ 1-0